Introduction to information systems / (Record no. 158178)

MARC details
000 -LEADER
fixed length control field 00652nam a22002057a 4500
005 - DATE AND TIME OF LATEST TRANSACTION
control field 20181018162917.0
010 ## - LCCN (DPL NO)
LC control number ENG-124332
020 ## - INTERNATIONAL STANDARD BOOK NUMBER
International Standard Book Number 9789353062798
Terms of availability 559.00
035 ## - SYSTEM CONTROL NUMBER
System control number EN-107864
037 ## - SOURCE OF ACQUISITION
Source of stock number/acquisition DBAD/PUB
082 ## - DEWEY DECIMAL CLASSIFICATION NUMBER
Classification number 658.4038011
100 ## - MAIN ENTRY--PERSONAL NAME
Personal name Wallace, Patricia
245 ## - TITLE STATEMENT
Title Introduction to information systems /
Statement of responsibility, etc by Patricia Wallace
250 ## - EDITION STATEMENT
Edition statement 3rd ed.
260 ## - PUBLICATION, DISTRIBUTION, ETC. (IMPRINT)
Place of publication, distribution, etc Noida
Name of publisher, distributor, etc Pearson
Date of publication, distribution, etc 2018
270 ## - ADDRESS
Address 15th Floor, Tower B, Worls Trade Tower, Plot No.1, Block -C
City Noida (UP)
Postal code 201301
300 ## - PHYSICAL DESCRIPTION
Extent xxxii,575p.
Dimensions 27cm.(pbk)
Other physical details ill.
500 ## - GENERAL NOTE
General note It includes glossary and index
942 ## - ADDED ENTRY ELEMENTS (KOHA)
Source of classification or shelving scheme Dewey Decimal Classification
Item type English Books
Classification part 658.4038011
Call number suffix WAL
Holdings
Withdrawn status Lost status Not for loan Collection code Home library Current library Date acquired Source of acquisition Cost, normal purchase price Full call number Barcode Copy number Cost, replacement price Koha item type
    Not For Loan Non-fiction D.B.Act.Division Bawana 18/10/2018 DBAD/PUB 559.00 658.4038011 WAL EN-107864 1 559.00 English Books

© Delhi Public Library
Hit Counter
free hit counter